Derecho político (Registro nro. 1702)

Detalles MARC
000 -LEADER
fixed length control field 01805 a2200229 4500
001 - CONTROL NUMBER
control field 28360
005 - DATE AND TIME OF LATEST TRANSACTION
control field 20260407155555.0
008 - FIXED-LENGTH DATA ELEMENTS--GENERAL INFORMATION
fixed length control field 260407a1985 arg spa d
003 - CONTROL NUMBER IDENTIFIER
control field AR-UNSa-BCEJYS
040 ## - CATALOGING SOURCE
Original cataloging agency AR-UNSa-BCEJYS
Language of cataloging spa
Transcribing agency AR-UNSa-BCEJYS
080 ## - UNIVERSAL DECIMAL CLASSIFICATION NUMBER
Universal Decimal Classification number 342.1
Common auxiliary subdivision Estado. Pueblo. Nación. Poder del estado (Derecho político)
020 ## - INTERNATIONAL STANDARD BOOK NUMBER
International Standard Book Number 950-14-0276-2
100 1# - MAIN ENTRY--PERSONAL NAME
Personal name Fayt, Carlos Santiago
245 10 - TITLE STATEMENT
Title Derecho político
250 ## - EDITION STATEMENT
Edition statement 6a. ed.
264 #1 - PRODUCTION, PUBLICATION, DISTRIBUTION, MANUFACTURE, AND COPYRIGHT NOTICE
Place of production, publication, distribution, manufacture Buenos Aires :
Name of producer, publisher, distributor, manufacturer Ediciones Depalma
Date of production, publication, distribution, manufacture, or copyright notice 1985
300 ## - PHYSICAL DESCRIPTION
Extent 2 v.
Dimensions 23 cm.
505 ## - FORMATTED CONTENTS NOTE
Formatted contents note Vol. I: 1. Política y ciencia política - 2. Relaciones de la política - 3. Derecho político - 4. Teoría de la sociedad - 5. Los orígenes - 6. Naturaleza del estado - 7. Teoría del estado - 8. Método - 9. El estado - 10. Tipos históricos y formas políticas - 11. Elementos del estado - 12. El territorio - 13. Población - 14. El poder - 15. Justificación del poder - 16. Soberanía - 17. Estado y derecho - 18. Fines del estado - 19. Personalidad del estado - 20. La democracia -- Vol. II: 21. Teoría de la Constitución - 22. Organización del poder - 23. Gobierno y administración - 24. Centralización y descentralización. El estado federal - 25. Estado de necesidad - Revolución. Gobiernos de Facto - 26. Sufragio - 27. Principios, fundamentos y formas del sufragio - 28. Sistemas electorales y de representación - 29. La democracia política y el sufragio en nuestro país - 30. La representación política - 31. Los partidos políticos - 32. Los medios de acción de la política y la opinión pública - 33. Factores de poder y grupos de presión
590 ## - LOCAL NOTE (RLIN)
Local note niveau_biblio:m niveau_hierar:0
856 41 - ELECTRONIC LOCATION AND ACCESS
Uniform Resource Identifier <a href="https://biblioeco.unsa.edu.ar/pmb/images/libros/Derecho Pol?tico-l45007.jpg">https://biblioeco.unsa.edu.ar/pmb/images/libros/Derecho Pol?tico-l45007.jpg</a>
Link text Imagen de portada
Electronic format type image/jpeg
942 ## - ADDED ENTRY ELEMENTS (KOHA)
Koha item type
Existencias
Withdrawn status Lost status Damaged status Not for loan Home library Current library Shelving location Date acquired Total checkouts Full call number Barcode Date last seen Price effective from Koha item type
        Biblioteca Prof. Eusebio Cleto del Rey Biblioteca Prof. Eusebio Cleto del Rey   07/04/2026   342.1 F286 6ed. v.1 L45001 07/04/2026 07/04/2026 Libro
        Biblioteca Prof. Eusebio Cleto del Rey Biblioteca Prof. Eusebio Cleto del Rey   07/04/2026   342.1 F286 6ed. v.2 L45006 07/04/2026 07/04/2026 Libro
        Biblioteca Prof. Eusebio Cleto del Rey Biblioteca Prof. Eusebio Cleto del Rey   07/04/2026   342.1 F286 6ed. v.1 L45002 07/04/2026 07/04/2026 Libro
        Biblioteca Prof. Eusebio Cleto del Rey Biblioteca Prof. Eusebio Cleto del Rey   07/04/2026   342.1 F286 6ed. v.1 L45003 07/04/2026 07/04/2026 Libro
        Biblioteca Prof. Eusebio Cleto del Rey Biblioteca Prof. Eusebio Cleto del Rey   07/04/2026   342.1 F286 6ed. v.1 L45005 07/04/2026 07/04/2026 Libro
        Biblioteca Prof. Eusebio Cleto del Rey Biblioteca Prof. Eusebio Cleto del Rey   07/04/2026   342.1 F286 6ed. v.2 L45007 07/04/2026 07/04/2026 Libro
        Biblioteca Prof. Eusebio Cleto del Rey Biblioteca Prof. Eusebio Cleto del Rey   07/04/2026   342.1 F286 6ed. v.2 L45008 07/04/2026 07/04/2026 Libro
        Biblioteca Prof. Eusebio Cleto del Rey Biblioteca Prof. Eusebio Cleto del Rey   07/04/2026   342.1 F286 6ed. v.2 L53140 07/04/2026 07/04/2026 Libro